<?xml version="1.0" encoding="UTF-8"?>
<collection xmlns="http://www.loc.gov/MARC21/slim">
<record>
  <controlfield tag="001">152557</controlfield>
  <controlfield tag="005">20250401114422.0</controlfield>
  <datafield tag="037" ind1=" " ind2=" ">
    <subfield code="a">TAZ-TFG-2024-4818</subfield>
  </datafield>
  <datafield tag="041" ind1=" " ind2=" ">
    <subfield code="a">spa</subfield>
  </datafield>
  <datafield tag="100" ind1="1" ind2=" ">
    <subfield code="a">Rubio Quilez, Victor</subfield>
  </datafield>
  <datafield tag="242" ind1="0" ind2="0">
    <subfield code="a">Analysis and simulation of the transport capacity by rail in the Zaragoza - Canfranc railway</subfield>
  </datafield>
  <datafield tag="245" ind1="0" ind2="0">
    <subfield code="a">Análisis y simulación de la capacidad de transporte por ferrocarril de la línea Zaragoza - Canfranc</subfield>
  </datafield>
  <datafield tag="260" ind1=" " ind2=" ">
    <subfield code="a">Zaragoza</subfield>
    <subfield code="b">Universidad de Zaragoza</subfield>
    <subfield code="c">2024</subfield>
  </datafield>
  <datafield tag="506" ind1=" " ind2=" ">
    <subfield code="a">by-nc-sa</subfield>
    <subfield code="b">Creative Commons</subfield>
    <subfield code="c">3.0</subfield>
    <subfield code="u">http://creativecommons.org/licenses/by-nc-sa/3.0/</subfield>
  </datafield>
  <datafield tag="520" ind1=" " ind2=" ">
    <subfield code="a">En este trabajo se ha llevado a cabo el análisis y simulación de la capacidad de transporte por ferrocarril de la línea Zaragoza – Canfranc. El primer paso para este análisis ha sido la recopilación de información sobre el estado actual de la línea e infraestructura, así como los posibles cambios a futuro que pueda sufrir. El siguiente paso ha sido caracterizar la línea en base a medidas y parámetros obtenidos a través de Google Earth Pro, una herramienta online. Para obtener las velocidades máximas permitidas en cada tramo se ha consultado un estudio del ministerio de transportes y movilidad sostenible. De esta forma la línea queda totalmente caracterizada. A continuación, se ha consultado el parque ferroviario actual de RENFE para ver que locomotoras y vagones se pueden usar en esta línea teniendo en cuenta que tipo de mercancías se van a transportar.El siguiente paso ha sido introducir los datos anteriores en una hoja Excel donde se han simulado diferentes casos con distintas locomotoras diésel, diferentes tipos de tolvas, así como distintas condiciones de longitud de tren, número de locomotoras y dirección en la que los trenes recorren la línea (subida o bajada). Con los resultados obtenidos a partir de esta hoja Excel se ha procedido a la elaboración de diferentes gráficos y tablas para poder realizar una comparación de todos los casos simulados. Finalmente, comparando los resultados obtenidos se ha podido decidir que tipo de composición de tren resulta ser la optima para el transporte de mercancías por esta línea.&lt;br /></subfield>
  </datafield>
  <datafield tag="521" ind1=" " ind2=" ">
    <subfield code="a">Graduado en Ingeniería de Tecnologías Industriales</subfield>
  </datafield>
  <datafield tag="540" ind1=" " ind2=" ">
    <subfield code="a">Derechos regulados por licencia Creative Commons</subfield>
  </datafield>
  <datafield tag="856" ind1="0" ind2=" ">
    <subfield code="f">776424@unizar.es</subfield>
  </datafield>
  <datafield tag="856" ind1="4" ind2=" ">
    <subfield code="s">1059001</subfield>
    <subfield code="u">http://zaguan.unizar.es/record/152557/files/TAZ-TFG-2024-4818_ANE.pdf</subfield>
    <subfield code="y">Anexos (spa)</subfield>
  </datafield>
  <datafield tag="856" ind1="4" ind2=" ">
    <subfield code="s">3815836</subfield>
    <subfield code="u">http://zaguan.unizar.es/record/152557/files/TAZ-TFG-2024-4818.pdf</subfield>
    <subfield code="y">Memoria (spa)</subfield>
  </datafield>
  <datafield tag="909" ind1="C" ind2="O">
    <subfield code="o">oai:zaguan.unizar.es:152557</subfield>
    <subfield code="p">driver</subfield>
    <subfield code="p">trabajos-fin-grado</subfield>
  </datafield>
  <datafield tag="950" ind1=" " ind2=" ">
    <subfield code="a"></subfield>
  </datafield>
  <datafield tag="691" ind1=" " ind2=" ">
    <subfield code="a">7 9 12</subfield>
  </datafield>
  <datafield tag="692" ind1=" " ind2=" ">
    <subfield code="a">La aportación de este trabajo a la sostenibilidad es que el ferrocarril es el medio de transporte menos contaminante y además se busca reducir el consumo de combustible y energía para optimizar el transporte.</subfield>
  </datafield>
  <datafield tag="700" ind1=" " ind2=" ">
    <subfield code="a">Larrodé Pellicer, Emilio</subfield>
    <subfield code="e">dir.</subfield>
  </datafield>
  <datafield tag="710" ind1="2" ind2=" ">
    <subfield code="a">Universidad de Zaragoza</subfield>
    <subfield code="b">Ingeniería Mecánica</subfield>
    <subfield code="c">Ingeniería e Infraestructura de los Transportes</subfield>
  </datafield>
  <datafield tag="980" ind1=" " ind2=" ">
    <subfield code="a">TAZ</subfield>
    <subfield code="b">TFG</subfield>
    <subfield code="c">EINA</subfield>
  </datafield>
  <datafield tag="999" ind1=" " ind2=" ">
    <subfield code="a">20241129212153.CREATION_DATE</subfield>
  </datafield>
  <datafield tag="951" ind1=" " ind2=" ">
    <subfield code="a">deposita:2025-04-01</subfield>
  </datafield>
</record>
</collection>